000 00359nam a22001457a 4500
999 _c193621
_d193621
008 221107b ||||| |||| 00| 0 eng d
082 _aS-BAS
100 _aBASHU,MOUIA
245 _aKHOKA
_hENGLISH
260 _aNEW DELH
_bA.I.C.B
_cROHINI
270 _aA.I.C.B ,ROHINI NEW DELHI
300 _a.
_b.
_c12X13
490 _v1-2
942 _2ddc
_cBRLEN
_kS
_mBAS